La verdad sobre la democracia capitalista /
En el artículo se intenta explorar qué significa democracia y, luego, partiendo de algunas reflexiones sobre los límites de la democratización en una sociedad capitalista, proseguir con el análisis del desempeño de las democracias "realmente existentes" en América Latina, procurando mirar...
Spremljeno u:
| Glavni autor: | |
|---|---|
| Daljnji autori: | |
| Format: | Tekst |
| Jezik: | Spanish |
| Izdano: |
Buenos Aires:
CLACSO. Centro Cultural de la Cooperación Floreal Gorini. The Merlin Press
|
| Teme: | |
| Oznake: |
Dodaj oznaku
Bez oznaka, Budi prvi tko označuje ovaj zapis!
|
MARC
| LEADER | 00000 a a2200000 04500 | ||
|---|---|---|---|
| 001 | 37570 | ||
| 003 | cru IIS | ||
| 005 | 20230612085653.0 | ||
| 008 | 230612b |||||||| |||| 00| 0 spa d | ||
| 020 | |a 978-987-1183-77-7 | ||
| 040 | |c CRAI/IIS | ||
| 090 | |a 0001 P192s | ||
| 100 | 1 | |a Borón, Atilio A. |9 7702 | |
| 245 | |a La verdad sobre la democracia capitalista / |c Atilio A. Boron | ||
| 260 | |a Buenos Aires: |b CLACSO. Centro Cultural de la Cooperación Floreal Gorini. The Merlin Press | ||
| 300 | |a 45-78 p. | ||
| 520 | |a En el artículo se intenta explorar qué significa democracia y, luego, partiendo de algunas reflexiones sobre los límites de la democratización en una sociedad capitalista, proseguir con el análisis del desempeño de las democracias "realmente existentes" en América Latina, procurando mirar más allá de sus apariencias externas para discernir su restringido alcance y sus limitaciones | ||
| 650 | |a DEMOCRACIA | ||
| 650 | |a CAPITALISMO | ||
| 700 | |a ed. |a Leys, Colin |a ed. | ||
| 942 | |2 ddc |c LI | ||
| 999 | |c 15517 |d 15517 | ||
| 773 | 0 | |0 10988 |9 9204 |a Panitch, Leo |d Buenos Aires: CLACSO. Centro Cultural de la Cooperación Floreal Gorini 2007 |o 04872 |t Socialist Register 2006: Diciendo la verdad / |w (cru CIDCACS/IIS)37574 |z 978-987-1183-77-7 | |



